000
00344nam a2200145Ia 4500
008
240830s2005 xx 000 0 und d
041
_a
eng
082
_a
574.192 PAN
100
_a
PANDA U N
245
_a
HAND BOOK OF BIOCHHEMISTRY
260
_a
DELHI
_b
N.D.
_c
2005
650
_a
ROG-NIDAN
906
_a
BIOCHEMISTRY
999
_c
1185950
_d
1185950